000 01056nam a2200241 i 4500
001 189702
003 ES-MaACL
005 20250810063055.0
008 190909s1960 sp |||| | spa d
080 _a266:282(794)
100 1 _aSales, Luis de,
_d1745-1807
_9168241
245 1 0 _aNoticias de la provincia de Californias, 1794 /
_cpor Fray Luis Sales.
260 _aMadrid :
_bJosé Porrúa Turanzas,
_c1960.
300 _a182 p., 1 lám. pleg., 2 h. pleg. ;
_c25 cm.
490 1 _aColección Chimalistac de libros y documentos acerca de la Nueva España ;
_v6
610 2 4 _aDominicos-
_xMisiones-
_zBaja California (México, Península)
_9168242
610 2 4 _aDominicos-
_xMisiones-
_zCalifornia (Estados Unidos, Estado)
_9174578
651 4 _aBaja California (Península)-
_xHistoria.
_9153813
651 4 _aCalifornia (Estados Unidos, Estado)-
_xHistoria-
_yHasta 1846.
_9174579
830 1 _aColección Chimalistac de libros y documentos acerca de la Nueva España ;
_v6
_9182539
852 4 _aES-MaACL
_jP-798-4
999 _c189702
_d189702